000 01069nam a2200301 a 4500
001 000111796
003 CHAP
005 20220329144229.0
008 150817s2015 mx sm |||||||spa d
010 _a108257
011 _a109229
040 _cCHAP
090 _aTesis
100 1 _aMarín Montes, Ivan Maryn
_9129749
245 1 0 _aCaracterización morfológica y molecular de 55 colectas de jitomate nativo de México
_h[En línea]
_cpor Ivan Maryn Marín Montes.
260 _aChapingo, Méx. :
_bEl autor,
_c2015.
500 _aPara ver el contenido del material haga clic en la liga
502 _aTesis (Ing. Agr. Esp. en Fitotecnia) -- UACH. Departamento de Fitotecnia
590 _aE5765TAJ
_b05
_c20150817
_lUCH01
_h1116
590 _aE5765TAJ
_b05
_c20150817
_lUCH01
_h1117
650 1 4 _aTomate
_xFisiología y morfología.
_9113722
650 1 4 _aTomate
_xGenética.
_9113726
650 1 4 _aTomate
_xMejoramiento.
_9113737
856 _aFinding aid
_uhttp://10.13.5.2/tesis/sist111796.pdf
_zTeclea aquí
901 _aBK
942 _cTESIS
942 _n0
999 _c108257
_d108257